000 00299nam a2200109Ia 4500
008 230907s9999||||xx |||||||||||||| ||und||
082 _a621.406,DIX
100 _aDixon, S. L.
_963320
245 0 _aFluid mechanics and thermodynamics of turbomachinery /
300 _axviii, 537 pages :
942 _cBK
999 _c597942
_d597942